Inventario de la riqueza monumental y artística de Galicia / (Record no. 42335)

MARC details
000 -LEADER
campo de control de longitud fija 00864nam a2200217 i 4500
001 - NÚMERO DE CONTROL
campo de control 42335
003 - IDENTIFICADOR DE NÚMERO DE CONTROL
campo de control ES-MaACL
005 - FECHA Y HORA DE LA ÚLTIMA TRANSACCIÓN
campo de control 20250728085521.0
007 - CAMPO FIJO DE DESCRIPCIÓN FÍSICA--INFORMACIÓN GENERAL
campo de control de longitud fija t|
008 - DATOS DE LONGITUD FIJA--INFORMACIÓN GENERAL
campo de control de longitud fija 030313s1972 sp ||||1| spa d
100 1# - ENTRADA PRINCIPAL--NOMBRE DE PERSONA
Nombre de persona Castillo López, Angel del.
9 (RLIN) 36751
245 10 - MENCIÓN DEL TÍTULO
Título Inventario de la riqueza monumental y artística de Galicia /
Mención de responsabilidad, etc. por Angel del Castillo López (1886-1961) ; introducción y bibliografía complementaria de José Filgueira Valverde.
260 ## - PUBLICACIÓN, DISTRIBUCIÓN, ETC.
Lugar de publicación, distribución, etc. Santiago de Compostela :
Nombre del editor, distribuidor, etc. Bibliófilos Gallegos,
Fecha de publicación, distribución, etc. 1972.
300 ## - DESCRIPCIÓN FÍSICA
Extensión 715 p., 188 lám. :
Otras características físicas retr. aut. ;
Dimensiones 24 cm.
490 1# - MENCIÓN DE SERIE
Mención de serie Enciclopedia gallega
700 1# - ENTRADA AGREGADA--NOMBRE PERSONAL
Nombre de persona Filgueira Valverde, José,
Fechas asociadas al nombre 1906-1996
9 (RLIN) 50833
710 2# - ENTRADA AGREGADA--NOMBRE DE ENTIDAD CORPORATIVA
Nombre de entidad corporativa o nombre de jurisdicción como elemento de entrada Bibliófilos Gallegos (Santiago de Compostela)
9 (RLIN) 2164
830 0# - PUNTO DE ACCESO ADICIONAL DE SERIE-TÍTULO UNIFORME
Título uniforme Enciclopedia gallega
9 (RLIN) 229819
852 ## - LOCALIZACIÓN
Ubicación ES-MaACL
Número de control de estantería C-54827
Sublocalización o colección R.87685
Holdings
Estatus retirado Estado de pérdida Estado de daño No para préstamo Biblioteca de origen Biblioteca actual Ubicación en estantería Fecha de adquisición Fuente de adquisición Total de préstamos Signatura topográfica completa Código de barras Visto por última vez Precio de reemplazo Tipo de ítem Koha
        Biblioteca del Ateneo de Madrid Biblioteca del Ateneo de Madrid Depósito 2 17/01/2008     C-54827 1044551 23/02/2023 23/02/2023 Libro impreso